000 00478cas a2200157u| 4500
082 _a690
_bARC
100 _aDruray, Eelyn,
_947554
245 0 0 _aArchitects', builders' & civil engineers' reference book.1948
_cDruray, Eelyn,
260 _aLondon,
_bG. Newnes.
_c1948
300 _a880p. cm.
526 _a0
_b0
_c0
_d690_000000000000000_ARC
590 _aPREMARC/SERLOC merged record
650 0 _aBuilding fittings.
_945038
650 0 _aBuilding materials.
942 _2ddc
_cBK
999 _c550766
_d550766